000 00532nam a2200181Ia 4500
008 090123s9999 xx 000 0 und d
082 _b17008
_a891.463/कानिट
100 _aकानिटकर माधव
245 _aमहाभारत
250 _a1
260 _bअक्षर छाया
_c1989
300 _a159
600 _aकानिटकर माधव
630 _aमहाभारत
700 _aकानिटकर माधव
730 _aमहाभारत
942 _cBOOK
999 _c55068
_d55068